Recht und Ethik im Alten Testament: neue Studien zur Ethik des Alten Testaments
| Main Author: | |
|---|---|
| Format: | Print Review |
| Language: | German |
| Check availability: | HBZ Gateway |
| Interlibrary Loan: | Interlibrary Loan for the Fachinformationsdienste (Specialized Information Services in Germany) |
| Published: |
Wiesbaden
2003
|
| In: |
Zeitschrift für altorientalische und biblische Rechtsgeschichte
Year: 2003, Volume: 9, Pages: 210-219 |
| Review of: | Understanding Old Testament ethics / John Barton (Otto, Eckart) Glimpses of a strange land / Cyril S. Rodd (Otto, Eckart) Story as Torah / Gordon J. Wenham (Otto, Eckart) |
| Standardized Subjects / Keyword chains: | B
Legal ethics
/ Old Testament
B Old Testament / Research report |
| RelBib Classification: | HB Old Testament NCA Ethics XA Law |
| Further subjects: | B
Book review
B Judiciary B Alttestamentliche Ethik B Literature report |
MARC
| LEADER | 00000caa a22000002c 4500 | ||
|---|---|---|---|
| 001 | 1660982081 | ||
| 003 | DE-627 | ||
| 005 | 20220617104124.0 | ||
| 007 | tu | ||
| 008 | 040305s2003 xx ||||| no 00| ||ger c | ||
| 035 | |a (DE-627)1660982081 | ||
| 035 | |a (DE-576)110216660 | ||
| 035 | |a (DE-599)BSZ110216660 | ||
| 040 | |a DE-627 |b ger |c DE-627 |e rakwb | ||
| 041 | |a ger | ||
| 084 | |a 1 |2 ssgn | ||
| 100 | 1 | |0 (DE-588)121375366 |0 (DE-627)081266561 |0 (DE-576)162458533 |4 aut |a Otto, Eckart |d 1944- | |
| 109 | |a Otto, Eckart 1944- |a Otto-Schramm 1944- |a Ottō, E. 1944- |a Achenbach-Arneth-Otto 1944- | ||
| 245 | 1 | 0 | |a Recht und Ethik im Alten Testament |b neue Studien zur Ethik des Alten Testaments |c von Eckart Otto |
| 264 | 1 | |a Wiesbaden |c 2003 | |
| 300 | |a S. [210] - 219 | ||
| 336 | |a Text |b txt |2 rdacontent | ||
| 337 | |a ohne Hilfsmittel zu benutzen |b n |2 rdamedia | ||
| 338 | |a Band |b nc |2 rdacarrier | ||
| 601 | |a Testament | ||
| 650 | 0 | 7 | |0 (DE-588)7504468-7 |0 (DE-627)70020749X |0 (DE-576)253247950 |a Alttestamentliche Ethik |2 gnd |
| 650 | 0 | 7 | |0 (DE-588)4073136-4 |0 (DE-627)106093207 |0 (DE-576)209189509 |a Justiz |2 gnd |
| 652 | |a HB:NCA:XA | ||
| 655 | 7 | |a Literaturbericht |0 (DE-588)4167870-9 |0 (DE-627)104712805 |0 (DE-576)209911700 |2 gnd-content | |
| 655 | 7 | |a Rezension |0 (DE-588)4049712-4 |0 (DE-627)106186019 |0 (DE-576)209083166 |2 gnd-content | |
| 689 | 0 | 0 | |d s |0 (DE-588)4177216-7 |0 (DE-627)104657707 |0 (DE-576)209975997 |2 gnd |a Rechtsethik |
| 689 | 0 | 1 | |d u |0 (DE-588)4001515-4 |0 (DE-627)104603666 |0 (DE-576)208843116 |a Bibel |2 gnd |p Altes Testament |
| 689 | 0 | |5 (DE-627) | |
| 689 | 1 | 0 | |d u |0 (DE-588)4001515-4 |0 (DE-627)104603666 |0 (DE-576)208843116 |a Bibel |2 gnd |p Altes Testament |
| 689 | 1 | 1 | |d s |0 (DE-588)4155043-2 |0 (DE-627)10467444X |0 (DE-576)209815833 |2 gnd |a Forschungsbericht |
| 689 | 1 | |5 (DE-627) | |
| 773 | 0 | 8 | |i In |t Zeitschrift für altorientalische und biblische Rechtsgeschichte |d Wiesbaden : Harrassowitz, 1995 |g 9(2003), Seite 210-219 |w (DE-627)192209922 |w (DE-600)1294771-4 |w (DE-576)05131892X |x 0948-0587 |7 nnas |
| 773 | 1 | 8 | |g volume:9 |g year:2003 |g pages:210-219 |
| 787 | 0 | 8 | |i Rezension von |a Understanding Old Testament ethics / John Barton |
| 787 | 0 | 8 | |i Rezension von |a Glimpses of a strange land / Cyril S. Rodd |
| 787 | 0 | 8 | |i Rezension von |a Story as Torah / Gordon J. Wenham |
| 935 | |a mteo |a BIIN | ||
| 951 | |a AR | ||
| BIB | |a 1 | ||
| ELC | |b 1 | ||
| ITA | |a 1 | ||
| LOK | |0 000 xxxxxcx a22 zn 4500 | ||
| LOK | |0 001 3414011913 | ||
| LOK | |0 003 DE-627 | ||
| LOK | |0 004 1660982081 | ||
| LOK | |0 005 20050413000000 | ||
| LOK | |0 008 050413||||||||||||||||ger||||||| | ||
| LOK | |0 040 |a DE-21-31 |c DE-627 |d DE-21-31 | ||
| LOK | |0 852 |a DE-21-31 | ||
| LOK | |0 852 1 |c Ze 316-9 |m p |9 00 | ||
| LOK | |0 938 |k p | ||
| LOK | |0 939 |a 13-04-05 |b l01 | ||
| LOK | |0 000 xxxxxcx a22 zn 4500 | ||
| LOK | |0 001 3414011921 | ||
| LOK | |0 003 DE-627 | ||
| LOK | |0 004 1660982081 | ||
| LOK | |0 005 20160405143809 | ||
| LOK | |0 008 160404||||||||||||||||ger||||||| | ||
| LOK | |0 040 |a DE-Tue135 |c DE-627 |d DE-Tue135 | ||
| LOK | |0 092 |o n | ||
| LOK | |0 852 |a DE-Tue135 | ||
| LOK | |0 852 1 |9 00 | ||
| LOK | |0 935 |a ixzs |a ixmi | ||
| LOK | |0 936ln |0 1442044128 |a HB | ||
| LOK | |0 936ln |0 1442052465 |a NCA | ||
| LOK | |0 936ln |0 1442053798 |a XA | ||
| LOK | |0 939 |a 04-04-16 |b l01 | ||
| LOK | |0 000 xxxxxcx a22 zn 4500 | ||
| LOK | |0 001 341401193X | ||
| LOK | |0 003 DE-627 | ||
| LOK | |0 004 1660982081 | ||
| LOK | |0 005 20190705174455 | ||
| LOK | |0 008 190311||||||||||||||||ger||||||| | ||
| LOK | |0 035 |a (DE-Tue135-1)146711 | ||
| LOK | |0 040 |a DE-Tue135-1 |c DE-627 |d DE-Tue135-1 | ||
| LOK | |0 852 |a DE-Tue135-1 | ||
| LOK | |0 852 1 |c FTHAT097841/9/OOE/4 |m p |9 00 | ||
| LOK | |0 852 2 |b Z 4/962 |9 00 | ||
| LOK | |0 935 |a iZSA | ||
| LOK | |0 936ln |0 1442044128 |a HB | ||
| LOK | |0 938 |k p | ||
| LOK | |0 939 |a 11-03-19 |b l01 | ||
| ORI | |a SA-MARC-ixtheoa001.raw | ||
| REL | |a 1 | ||
| STA | 0 | 0 | |a Judiciary,Legal ethics,Law,Ethics,Legal ethics,Research report |
| STB | 0 | 0 | |a Justice,Rapport de recherche,Éthique du droit,Juristes |
| STC | 0 | 0 | |a Informe de la investigación,Justicia,Ética del derecho,Abogados |
| STD | 0 | 0 | |a Etica del diritto,Giustizia,Rapporto tecnico |
| STE | 0 | 0 | |a 司法部,司法机构,法律伦理,法律道德,法律职业道德 |
| STF | 0 | 0 | |a 司法部,司法機構,法律倫理,法律道德,法律職業道德 |
| STG | 0 | 0 | |a Justiça,Relatório da pesquisa,Ética do direito |
| STH | 0 | 0 | |a Отчёт об исследовании,Юридическая этика,Юстиция |
| STI | 0 | 0 | |a Δικαιοσύνη,Ερευνητική έκθεση,Νομική ηθική,Νομική δεοντολογία |
| SUB | |a BIB |a REL | ||
| SYE | 0 | 0 | |a Gerichtswesen,Rechtswesen |
| SYG | 0 | 0 | |a Recht , Hebrew Bible, critical edition,HBCE,Oxford Hebrew Bible,Biblia Hebraica quinta,BHQ,Biblia Hebraica,Biblia Hebraica,Hebräische Bibel,Masoretentext,Massoretentext,Masoretischer Text,Septuaginta,Septuagint,Altes Testament,Tenach,Testamentum vetus,Vetus testamentum,Erstes Testament,L'Ancien Testament,The Old Testament,Jüdische Bibel,Tanach,Tanakh,Tenakh,Miqra,al-ʿAhd al-ʿatīq,Torah neviʾim ketuvim,Torah neviʾim u-ketuvim,Sefer Torah neviʾim ketuvim,Tôrā nĕvîʾîm û-ḵtûvîm,Die Israelitische Bibel,The Hebrew Bible,Kyûyaku Seisho,Tèstamènt bieu,Antiguo Testamento,Nnom Elat,Bible,O.T.,Bible,Old Testament,תנ"ך,תנך , Hebrew Bible, critical edition,HBCE,Oxford Hebrew Bible,Biblia Hebraica quinta,BHQ,Biblia Hebraica,Biblia Hebraica,Hebräische Bibel,Masoretentext,Massoretentext,Masoretischer Text,Septuaginta,Septuagint,Altes Testament,Tenach,Testamentum vetus,Vetus testamentum,Erstes Testament,L'Ancien Testament,The Old Testament,Jüdische Bibel,Tanach,Tanakh,Tenakh,Miqra,al-ʿAhd al-ʿatīq,Torah neviʾim ketuvim,Torah neviʾim u-ketuvim,Sefer Torah neviʾim ketuvim,Tôrā nĕvîʾîm û-ḵtûvîm,Die Israelitische Bibel,The Hebrew Bible,Kyûyaku Seisho,Tèstamènt bieu,Antiguo Testamento,Nnom Elat,Bible,O.T.,Bible,Old Testament,תנ"ך,תנך |



